00808nam a2200217 i 4500001000700000003000900007005001700016007000300033008004100036100002700077245010600104260004200210300002200252490003100274650004700305700003600352830003900388852002200427999001900449952012200468101290ES-MaACL20230906182850.0t|051017s1972 sp ||||1| spa d1 aMayntz, Renate.97939010aSociología de la organización / cRenate Mayntz ; versión española de José Díaz García. aMadrid : bAlianza Editorial, c1972. a188 p. ; c20 cm.1 aAlianza universidad ; v2600aSociología de las organizaciones.9172101 aDíaz García, José.9442871 aAlianza universidad ; v269177276 aES-MaACLjC-51735 c101290d101290 00104070aATENEOMbATENEOMcDEPO2d2008-01-17eSCl0oC-51735p1105749r2023-02-23 00:00:00w2023-02-23yMONOGRAFIA